Analyzing and solving intermediate accounting problems using LOTUS 1-2-3- (Record no. 13185)
[ view plain ]
| 000 -LEADER | |
|---|---|
| fixed length control field | 00612nam a2200193Ia 4500 |
| 001 - CONTROL NUMBER | |
| control field | 12405 |
| 008 - FIXED-LENGTH DATA ELEMENTS--GENERAL INFORMATION | |
| fixed length control field | 140401s9999 xx 000 0 und d |
| 020 ## - INTERNATIONAL STANDARD BOOK NUMBER | |
| International Standard Book Number | 0-471-01422-2 |
| 040 ## - CATALOGING SOURCE | |
| Transcribing agency | PK-LaUMT |
| 082 ## - DEWEY DECIMAL CLASSIFICATION NUMBER | |
| Classification number | 657.044 |
| Item number | KOE-A |
| 100 ## - MAIN ENTRY--PERSONAL NAME | |
| Personal name | Kieso, Donald E., J.T.; (Weygandt, Jerry J.), J.T. |
| 245 ## - TITLE STATEMENT | |
| Title | Analyzing and solving intermediate accounting problems using LOTUS 1-2-3- |
| Statement of responsibility, etc | Kieso, Donald E., J.T.; (Weygandt, Jerry J.), J.T.<>Koeppen, David R. |
| 250 ## - EDITION STATEMENT | |
| Edition statement | 8th |
| 260 ## - PUBLICATION, DISTRIBUTION, ETC. (IMPRINT) | |
| Place of publication, distribution, etc | New York,USA: |
| Name of publisher, distributor, etc | John Wiley & Sons, |
| Date of publication, distribution, etc | 1995 |
| 300 ## - PHYSICAL DESCRIPTION | |
| Extent | 303 p. |
| 546 ## - LANGUAGE NOTE | |
| Language note | EN |
| 700 ## - ADDED ENTRY--PERSONAL NAME | |
| Personal name | Koeppen, David R. |
| 942 ## - ADDED ENTRY ELEMENTS (KOHA) | |
| Koha item type | Books |
| Withdrawn status | Lost status | Damaged status | Not for loan | Home library | Current library | Date acquired | Total Checkouts | Full call number | Barcode | Date last seen | Price effective from | Koha item type |
|---|---|---|---|---|---|---|---|---|---|---|---|---|
| UMT Main Campus | UMT Main Campus | 2014-04-01 | 657.044 KOE-A | 13873 | 2014-04-21 | 2014-04-21 | Books |
